000 00729nam a2200289Ia 4500
005 20260324111616.0
008 008 260324s9999 xx 000 0 eng d
020 _a9781003569046
037 _aEBOOK
040 _aCRL
040 _beng
040 _cCRL
041 _2eng
041 _aeng
084 _qCRL
100 _aA. Prasanth; Vandana Sharma; Rajesh Kumar Dhanaraj; Pethuru Raj
_91139274
245 0 _aBlockchain-Based Digital Twins
245 0 _bResearch Trends and Challenges
260 _bTaylor and Francis
260 _c2025
365 _a
365 _b340
856 _uhttp://www.taylorfrancis.com/books/9781003569046
942 _cEBOOK
999 _c1728153
_d1728153